Electrical Machines (Record no. 3620)

MARC details
000 -LEADER
fixed length control field 00351nam a2200145Ia 4500
008 - FIXED-LENGTH DATA ELEMENTS--GENERAL INFORMATION
fixed length control field 191201s2008 xx 000 0 und d
082 ## - DEWEY DECIMAL CLASSIFICATION NUMBER
Classification number 621.313
Item number MUE
100 ## - MAIN ENTRY--PERSONAL NAME
Personal name MUKHERJEE, P K
245 #0 - TITLE STATEMENT
Title Electrical Machines
250 ## - EDITION STATEMENT
Edition statement Rep.
260 ## - PUBLICATION, DISTRIBUTION, ETC. (IMPRINT)
Place of publication, distribution, etc N.Delhi
Name of publisher, distributor, etc Dhanpat Rai Pub (P) Ltd
Date of publication, distribution, etc 2008
300 ## - PHYSICAL DESCRIPTION
Extent 1022
650 ## - SUBJECT ADDED ENTRY--TOPICAL TERM
Topical term or geographic name as entry element B.Tech(ECE)
942 ## - ADDED ENTRY ELEMENTS (KOHA)
Source of classification or shelving scheme Dewey Decimal Classification
Koha item type Text Books
Holdings
Withdrawn status Lost status Source of classification or shelving scheme Damaged status Not for loan Collection code Home library Current library Date acquired Source of acquisition Cost, normal purchase price Bill Number Total Checkouts Full call number Acc. no. / Barcode Date last seen Bill Date Koha item type
    Dewey Decimal Classification     B.Tech(ECE) PIET C-LIBRARY PIET C-LIBRARY 20/11/2008 J B C, New Delhi 225.00 SI-4396   621.313 MUE 10157 04/12/2019 17/11/2008 Text Books
    Dewey Decimal Classification     B.Tech(ECE) PIET C-LIBRARY PIET C-LIBRARY 20/11/2008 J B C, New Delhi 225.00 SI-4396   621.313 MUE 10158 04/12/2019 17/11/2008 Text Books
    Dewey Decimal Classification     B.Tech(ECE) PIET C-LIBRARY PIET C-LIBRARY 20/11/2008 J B C, New Delhi 225.00 SI-4396   621.313 MUE 10159 04/12/2019 17/11/2008 Text Books
    Dewey Decimal Classification     B.Tech(ECE) PIET C-LIBRARY PIET C-LIBRARY 20/11/2008 J B C, New Delhi 225.00 SI-4396   621.313 MUE 10160 04/12/2019 17/11/2008 Text Books
    Dewey Decimal Classification     B.Tech(ECE) PIET C-LIBRARY PIET C-LIBRARY 20/11/2008 J B C, New Delhi 225.00 SI-4396   621.313 MUE 10161 04/12/2019 17/11/2008 Text Books

Design & Developed by: PIET Central Library
R70 Miles Stone Pattikalyana Samalkha Panipat 132102
mail ID :- [email protected], Phone No:- 0180-2569700 Ex.216